| 000 | 00742nam a2200241Ia 4500 | ||
|---|---|---|---|
| 008 | 160319s9999 xx 000 0 und d | ||
| 020 | _a971-584-297-6 | ||
| 050 | _aFIL RA 422.5 | ||
| 050 | _b.A73 1999 | ||
| 100 | _aArcaina, Arnold F. | ||
| 245 | 2 | _aA Learning guide for allied health students towards community health development / | |
| 245 | _cArnold F. Arcaina. | ||
| 260 | _aQuezon City: | ||
| 260 | _bC & E Pub. Inc., | ||
| 260 | _c1999 | ||
| 300 | _a100 pages : | ||
| 300 | _billustrations ; | ||
| 300 | _c25 cm. | ||
| 500 | _aIncludes index. | ||
| 650 | _aCommunity health development -- Handbooks, manuals, etc. | ||
| 650 | _aHealth workers -- Handbooks, manuals, etc. | ||
| 650 | _xHealth care -- Learning guide. | ||
| 999 |
_c291580 _d291580 |
||